| 000 | 01206nam a22002297a 4500 | ||
|---|---|---|---|
| 999 |
_c56961 _d56961 |
||
| 003 | Ge_BSU | ||
| 005 | 20190904133723.0 | ||
| 008 | 190904s2019 ge ||||| |||| 00| 0 geo d | ||
| 020 | _a9789941462955 | ||
| 041 | _ageo | ||
| 080 | _a543.061(075.8) კ-49 | ||
| 100 |
_aკიკნაძე, ნინო _93896 |
||
| 245 |
_aთვისებითი ანალიზის თეორიული საფუძვლები : _bსახელმძღვანელო / _cნინო კიკნაძე ; რედ : ლამარა ბერიშვილი . |
||
| 264 |
_aბათუმი : _bბათუმის შოთა რუსთაველის სახელმწიფო უნივერსიტეტი , _c2019. |
||
| 300 |
_a175 გვ .: _c24 სმ. |
||
| 504 | _aბიბლიოგრაფ. გვ :174-175 | ||
| 653 | _aთვისებითი ანალიზის თეორიული საფუძვლები | ||
| 653 | _aანალიზური ქიმია | ||
| 653 | _aქიმია | ||
| 700 |
_aბერიშვილი, ლამარა _eრედაქტორი _93897 |
||
| 942 |
_2udc _cBK |
||